[Event "Los Angeles Academia"]
[Site "Los Angeles"]
[Date "2019.11.17"]
[Round "5"]
[White "Miranda Ramirez, Gonzalo Andres"]
[Black "Soza Espinoza, Daniel Ignacio"]
[Result "0-1"]
[WhiteElo "1759"]
[BlackElo "1764"]
[PlyCount "82"]
[EventDate "2019.10.20"]
[EventType "tourn"]
[EventRounds "7"]
[EventCountry "CHI"]
[SourceTitle "EXT 2021"]
[Source "ChessBase"]
[SourceDate "2020.10.23"]
[SourceVersion "1"]
[SourceVersionDate "2020.10.23"]
[SourceQuality "1"]

1. e4 c5 2. Nf3 d6 3. d4 cxd4 4. Nxd4 Nf6 5. Nc3 a6 6. Rg1 e5 7. Nb3 Be6 8. g4 d5 9. exd5 Nxd5 10. Nxd5 Qxd5 11. Bd2 Nc6 12. Qe2 Rc8 13. Bg2 Qc4 14. Qxc4 Bxc4 15. Bc3 Be7 16. 0-0-0 Bg5+ 17. Kb1 Bf4 18. Rge1 Bxh2 19. Bxc6+ Rxc6 20. Na5 f6 21. Nxc6 bxc6 22. Bd2 Kf7 23. Rh1 Bf4 24. Bxf4 exf4 25. Rd7+ Kg6 26. Re1 h5 27. gxh5+ Rxh5 28. Rg1+ Kf5 29. Rdxg7 f3 30. Kc1 Rh2 31. Rc7 Rxf2 32. Rxc6 Be2 33. Re1 Rg2 34. Rxe2 Rxe2 35. Rc5+ Re5 36. Rc3 Kf4 37. Rc4+ Kg3 38. Rc6 f5 39. Rg6+ Kf4 40. Rg1 f2 41. Rf1 Kf3 0-1

[Event "Los Angeles Academia"]
[Site "Los Angeles"]
[Date "2019.10.26"]
[Round "1"]
[White "Estrada Lavin, Cristian Alexan"]
[Black "Soza Espinoza, Daniel Ignacio"]
[Result "1-0"]
[WhiteElo "2168"]
[BlackElo "1764"]
[PlyCount "85"]
[EventDate "2019.10.20"]
[EventType "tourn"]
[EventRounds "7"]
[EventCountry "CHI"]
[SourceTitle "EXT 2021"]
[Source "ChessBase"]
[SourceDate "2020.10.23"]
[SourceVersion "1"]
[SourceVersionDate "2020.10.23"]
[SourceQuality "1"]

1. Nf3 Nf6 2. b3 g6 3. Bb2 Bg7 4. e3 d5 5. Be2 0-0 6. c4 c5 7. 0-0 Nc6 8. d4 cxd4 9. Nxd4 Re8 10. Nxc6 bxc6 11. Nc3 Be6 12. cxd5 cxd5 13. Nb5 a6 14. Nd4 Bd7 15. Rc1 Qb6 16. Nf3 Rec8 17. Ne5 Bb5 18. Re1 Rxc1 19. Qxc1 Nd7 20. Nxd7 Bxd7 21. Bxg7 Kxg7 22. Rd1 e6 23. Qb2+ f6 24. e4 Bc6 25. Qa3 Kf7 26. exd5 Bxd5 27. Bc4 Rd8 28. h3 a5 29. Qc1 Bxc4 30. Rxd8 Qxd8 31. bxc4 Qc7 32. c5 Qc6 33. Qc3 a4 34. Qa5 Ke7 35. Qa7+ Kd8 36. h4 Qc7 37. Qa8+ Qc8 38. Qa5+ Qc7 39. Qxa4 Qxc5 40. Qf4 f5 41. Qb8+ Kd7 42. a4 e5 43. Qb7+ 1-0

[Event "South America-ch U16 13th"]
[Site "Santiago de Chile"]
[Date "2016.12.02"]
[Round "2"]
[White "Soza Espinoza, Daniel Ignacio"]
[Black "Del Pedregal Altamirano, Tarkan"]
[Result "1-0"]
[WhiteElo "1634"]
[BlackElo "1449"]
[PlyCount "77"]
[EventDate "2016.12.01"]
[EventType "swiss"]
[EventRounds "9"]
[EventCountry "CHI"]
[SourceTitle "EXT 2018"]
[Source "ChessBase"]
[SourceDate "2017.10.13"]
[SourceVersion "1"]
[SourceVersionDate "2017.10.13"]
[SourceQuality "1"]

1. c4 Nf6 2. Nc3 e6 3. g3 d5 4. cxd5 exd5 5. d4 Be7 6. Bg2 c6 7. Nf3 h6 8. 0-0 Bf5 9. h3 Na6 10. Ne5 Nc7 11. Re1 Ne6 12. Be3 0-0 13. Qd2 Ne4 14. Nxe4 Bxe4 15. Bxe4 dxe4 16. Qc3 Qd5 17. b4 Rad8 18. Red1 Kh7 19. f3 f6 20. fxe4 Qxe4 21. Nf3 Rd5 22. Qd3 Qxd3 23. Rxd3 Rfd8 24. Bf2 Bf8 25. Rad1 Nc7 26. Kg2 Re8 27. e3 Bd6 28. Nd2 f5 29. Nc4 Be7 30. Na5 Rb8 31. Nb3 Na6 32. Nc5 Nxc5 33. dxc5 Rbd8 34. Rxd5 Rxd5 35. Rxd5 cxd5 36. Kf3 g5 37. g4 Kg6 38. gxf5+ Kxf5 39. Bg3 1-0

[Event "South America-ch U16 13th"]
[Site "Santiago de Chile"]
[Date "2016.12.01"]
[Round "1"]
[White "Sica, Mauro"]
[Black "Soza Espinoza, Daniel Ignacio"]
[Result "1-0"]
[WhiteElo "2156"]
[BlackElo "1634"]
[PlyCount "88"]
[EventDate "2016.12.01"]
[EventType "swiss"]
[EventRounds "9"]
[EventCountry "CHI"]
[SourceTitle "EXT 2018"]
[Source "ChessBase"]
[SourceDate "2017.10.13"]
[SourceVersion "1"]
[SourceVersionDate "2017.10.13"]
[SourceQuality "1"]

1. d4 d5 2. c4 c6 3. Nf3 Nf6 4. Nc3 e6 5. Bg5 Nbd7 6. e3 Qa5 7. Nd2 Bb4 8. Qc2 Ne4 9. Ndxe4 dxe4 10. Bf4 Nf6 11. Be2 0-0 12. a3 Bxc3+ 13. bxc3 Rd8 14. 0-0 Nh5 15. Be5 f6 16. Bxh5 fxe5 17. Bg4 exd4 18. cxd4 e5 19. Qxe4 Bxg4 20. Qxg4 exd4 21. exd4 Qc3 22. d5 Qf6 23. Rad1 cxd5 24. cxd5 Rd6 25. Rd3 Rad8 26. Rfd1 h6 27. g3 Rf8 28. Qd4 Qxd4 29. Rxd4 Rfd8 30. Kg2 b5 31. f4 Kf7 32. Kf3 Kf6 33. g4 g6 34. R4d3 a6 35. h4 R8d7 36. Ke4 Re7+ 37. Kd4 Rc7 38. Ke3 Rc5 39. Ke4 Rc7 40. g5+ hxg5 41. hxg5+ Kf7 42. Ke5 Rdd7 43. d6 Rc5+ 44. Rd5 Rc4 1-0

[Event "South America-ch U14 11th"]
[Site "Montevideo"]
[Date "2014.09.09"]
[Round "3"]
[White "Soza Espinoza, Daniel Ignacio"]
[Black "Carstens Dobuchak, Thiago"]
[Result "0-1"]
[WhiteElo "1471"]
[BlackElo "1798"]
[PlyCount "66"]
[EventDate "2014.09.08"]
[EventType "swiss"]
[EventRounds "9"]
[EventCountry "URU"]
[SourceTitle "EXT 2016"]
[Source "ChessBase"]
[SourceDate "2015.10.08"]
[SourceVersion "1"]
[SourceVersionDate "2015.10.08"]
[SourceQuality "1"]

1. e4 c5 2. f4 e6 3. Nc3 d5 4. e5 Nc6 5. Nf3 Nh6 6. Bb5 Nf5 7. Qe2 Be7 8. d3 0-0 9. g3 Ncd4 10. Nxd4 Nxd4 11. Qf2 Nxb5 12. Nxb5 Qa5+ 13. Nc3 d4 14. Bd2 dxc3 15. Bxc3 Qc7 16. h4 b5 17. g4 c4 18. 0-0-0 b4 19. Bd4 b3 20. axb3 cxb3 21. c3 a5 22. Kd2 a4 23. g5 a3 24. Rb1 Bb7 25. Rhg1 Ra4 26. h5 Rfa8 27. bxa3 Rxa3 28. Rb2 Ra2 29. Ke3 Bc5 30. Rgb1 Qa5 31. g6 fxg6 32. hxg6 h6 33. f5 Qxc3 0-1

[Event "South America-ch U14 11th"]
[Site "Montevideo"]
[Date "2014.09.08"]
[Round "1"]
[White "Sica, Mauro"]
[Black "Soza Espinoza, Daniel Ignacio"]
[Result "1-0"]
[WhiteElo "1998"]
[BlackElo "1471"]
[PlyCount "75"]
[EventDate "2014.09.08"]
[EventType "swiss"]
[EventRounds "9"]
[EventCountry "URU"]
[SourceTitle "EXT 2016"]
[Source "ChessBase"]
[SourceDate "2015.10.08"]
[SourceVersion "1"]
[SourceVersionDate "2015.10.08"]
[SourceQuality "1"]

1. d4 d5 2. c4 e6 3. Nc3 c6 4. cxd5 exd5 5. Nf3 Nf6 6. Bg5 Nbd7 7. e3 Bd6 8. Bd3 h6 9. Bh4 0-0 10. 0-0 Re8 11. Rb1 Nf8 12. Qc2 Bg4 13. Ne1 a6 14. b4 Qe7 15. Qb2 g5 16. Bg3 Bxg3 17. hxg3 Ng6 18. Qc2 Kg7 19. Qd2 Ne4 20. Nxe4 dxe4 21. Be2 Bxe2 22. Qxe2 f6 23. Nc2 Qe6 24. a4 b6 25. Na3 Ne7 26. Rfc1 b5 27. a5 Qd5 28. Rc5 Qe6 29. Re1 Rec8 30. Qb2 Kg6 31. Nc2 h5 32. Na1 Ra7 33. Qc2 Rac7 34. f3 f5 35. fxe4 fxe4 36. Re5 Qf7 37. Qxe4+ Kg7 38. Rf1 1-0